| 000 | 00427cam a2200181 4500 | ||
|---|---|---|---|
| 001 | D13020 | ||
| 008 | 090401t1965 xxu||||| |||| 00| 0 eng d | ||
| 035 | _a(Sirsi) u7277 | ||
| 041 | _aeng | ||
| 100 | _aHudson, Alfred H | ||
| 245 | _aHudson`s building and engineering contracts | ||
| 250 | _a9th | ||
| 260 |
_aLondon _bSweet and Maxwell _c1965 |
||
| 350 | _a0 | ||
| 520 | _aShelf 117 | ||
| 942 | _n0 | ||
| 948 | _c04/03/1997 | ||
| 999 |
_c86400 _d86400 |
||